[Event "OLNW 2324 SK Union Oldenburg - SV Heller"]
[Site "?"]
[Date "2023.12.03"]
[Round "3.2"]
[White "Bredemeier, Dirk"]
[Black "Gronde, Ingo"]
[Result "1/2-1/2"]
[WhiteElo "2248"]
[BlackElo "2315"]
[PlyCount "129"]
[EventDate "2023.??.??"]

1. c4 f5 2. g3 Nf6 3. Bg2 e6 4. Nf3 d5 5. cxd5 exd5 6. O-O Bd6 7. e3 O-O 8. Qc2 c6 9. b3 Qe7 10. Bb2 a5 11. Nc3 Ne4 12. Ne2 a4 13. bxa4 Nd7 14. Nfd4 Nb6 15. Rab1 Nxa4 16. Ba1 Nac5 17. Nf4 Bd7 18. d3 Nf6 19. Bc3 Ng4 20. Bb4 Rfb8 21. Rfc1 Na6 22. Bxd6 Qxd6 23. Qb3 Nc7 24. a4 g5 25. Nfe2 Ne5 26. e4 fxe4 27. dxe4 c5 28. Nb5 Nxb5 29. axb5 Bg4 30. f3 Be6 31. Qe3 dxe4 32. Qxg5+ Ng6 33. Qxc5 Qxc5+ 34. Rxc5 exf3 35. Bxf3 Ra3 36. Nd4 Bf7 37. Bg2 b6 38. Rc7 Rd8 39. Nf5 Be6 40. Nh6+ Kh8 41. Re1 Bg8 42. Bc6 Ra2 43. Rd7 Rxd7 44. Bxd7 Bd5 45. Nf5 h5 46. Bc6 Rg2+ 47. Kf1 Rd2 48. Re8+ Kh7 49. Ke1 Bxc6 50. bxc6 Rc2 51. Re6 b5 52. Nd4 Rc5 53. Kd2 b4 54. Nb3 Rc3 55. Nd4 Rc5 56. Re1 Rc4 57. Kd3 Rc3+ 58. Kd2 Rc4 59. Kd3 Rc3+ 60. Ke4 Ne7 61. Rb1 Nxc6 62. Nxc6 Rxc6 63. Rxb4 Rf6 64. Rb5 Kg6 65. Ke3 1/2-1/2

[Event "OLNW 2324 SK Union Oldenburg - SV Heller"]
[Site "?"]
[Date "2023.12.03"]
[Round "3.3"]
[White "Boettcher, Christian"]
[Black "Meessen, Max"]
[Result "0-1"]
[WhiteElo "2196"]
[BlackElo "2133"]
[PlyCount "112"]
[EventDate "2023.??.??"]

1. e4 c5 2. Nf3 d6 3. c3 Nf6 4. Be2 g6 5. O-O Bg7 6. d3 O-O 7. Nbd2 e5 8. d4 exd4 9. cxd4 cxd4 10. Nxd4 d5 11. exd5 Nxd5 12. Nc4 Nc6 13. Nxc6 bxc6 14. Bd2 Nb6 15. Qc1 Ba6 16. Rd1 Bxc4 17. Bxc4 Nxc4 18. Qxc4 Qd4 19. Qxd4 Bxd4 20. Bb4 Bxb2 21. Rab1 Rfd8 22. Rxd8+ Rxd8 23. Be7 Rd2 24. Bg5 Rc2 25. Rd1 Kg7 26. Be3 Bf6 27. a3 Rc3 28. a4 Ra3 29. Bxa7 Rxa4 30. Bc5 Ra1 31. Rxa1 Bxa1 32. Kf1 Kf6 33. Ke2 Ke5 34. Kd3 Kd5 35. Bf8 c5 36. Be7 Be5 37. h3 c4+ 38. Kc2 Ke4 39. Bb4 Bd4 40. Be1 f5 41. Kd2 Bb6 42. Ke2 Kd4 43. Bd2 Bc7 44. Bb4 c3 45. Ba3 Kc4 46. Bc1 c2 47. Kd2 Kb3 48. Kd3 Be5 49. g4 Bb2 50. Bf4 c1=Q 51. Bxc1 Bxc1 52. gxf5 gxf5 53. Kd4 Kc2 54. Kd5 Kd3 55. f4 Bb2 56. Ke6 Ke4 0-1

[Event "OLNW 2324 SK Union Oldenburg - SV Heller"]
[Site "?"]
[Date "2023.12.03"]
[Round "3.4"]
[White "Wagner, Jan"]
[Black "Lehmann, Holger"]
[Result "1/2-1/2"]
[WhiteElo "2152"]
[BlackElo "2114"]
[PlyCount "79"]
[EventDate "2023.??.??"]

1. Nf3 c5 2. g3 Nc6 3. Bg2 g6 4. O-O Bg7 5. e4 Nf6 6. d3 d6 7. c3 Rb8 8. a4 a6 9. Qe2 O-O 10. h3 Nd7 11. Be3 e5 12. Rd1 b5 13. axb5 axb5 14. d4 Qc7 15. Na3 exd4 16. cxd4 c4 17. b3 Na5 18. bxc4 b4 19. Nb5 Qxc4 20. Bf1 Rxb5 21. Qxc4 Nxc4 22. Bxc4 Rb7 23. Rdb1 Nf6 24. e5 dxe5 25. dxe5 Ne4 26. Bd5 Nc3 27. Bxb7 Bxb7 28. Nd2 Nxb1 29. Rxb1 Rc8 30. Rxb4 Bd5 31. f4 h5 32. Rb5 Be6 33. h4 Bf8 34. Kf2 Rc2 35. Rb8 Kg7 36. Ke2 Bg4+ 37. Kd3 Bf5+ 38. Ke2 Bg4+ 39. Kd3 Bf5+ 40. Ke2 1/2-1/2

[Event "OLNW 2324 SK Union Oldenburg - SV Heller"]
[Site "?"]
[Date "2023.12.03"]
[Round "3.5"]
[White "Lewin, Tammo"]
[Black "Eschholz, Enno"]
[Result "1-0"]
[WhiteElo "2083"]
[BlackElo "2187"]
[PlyCount "49"]
[EventDate "2023.??.??"]

1. d4 Nf6 2. c4 Nc6 3. Nc3 e5 4. d5 Ne7 5. e4 Ng6 6. g3 Bb4 7. Bg2 Bxc3+ 8. bxc3 d6 9. h4 b6 10. h5 Ne7 11. h6 g6 12. Bg5 Nd7 13. Bh3 Nc5 14. Qf3 Bxh3 15. Nxh3 Rg8 16. Bf6 Nd7 17. Ng5 Nf8 18. Bg7 f5 19. Bxf8 Rxf8 20. Nxh7 Rh8 21. Ng5 Qd7 22. Ne6 Rc8 23. exf5 Nxf5 24. g4 Ne7 25. Qf6 1-0

[Event "OLNW 2324 SK Union Oldenburg - SV Heller"]
[Site "?"]
[Date "2023.12.03"]
[Round "3.6"]
[White "Schuette, Marc"]
[Black "Hart, Martin"]
[Result "0-1"]
[WhiteElo "2131"]
[BlackElo "2047"]
[PlyCount "98"]
[EventDate "2023.??.??"]

1. e4 Nf6 2. Nc3 d6 3. d4 c6 4. f4 Qa5 5. Qf3 e5 6. dxe5 dxe5 7. f5 b5 8. Bd2 b4 9. Nd1 Ba6 10. Nh3 c5 11. Bxa6 Qxa6 12. Nhf2 Nc6 13. Ne3 O-O-O 14. Qe2 Qb7 15. O-O-O Be7 16. Nc4 Nd4 17. Qf1 Nxe4 18. Na5 Nxd2 19. Nxb7 Nxf1 20. Nxd8 Bg5+ 21. Kb1 Nd2+ 22. Rxd2 Bxd2 23. Nxf7 Rf8 24. Ne4 Kc7 25. Nfd6 Bh6 26. g4 Bf4 27. h4 Kc6 28. Nc4 h5 29. Rg1 Nf3 30. Rg2 Nxh4 31. Rg1 Nf3 32. Rg2 h4 33. Rf2 Nd4 34. Rf1 h3 35. a3 Kd5 36. Ncd2 bxa3 37. c4+ Kc6 38. bxa3 Rb8+ 39. Ka2 h2 40. g5 Nxf5 41. Nf3 Ne3 42. Rh1 Nxc4 43. Ka1 Nxa3 44. Nf2 Nc2+ 45. Ka2 Rh8 46. Ng4 e4 47. Nfxh2 Bxh2 48. Nxh2 Nd4 49. Ka3 Nf5 0-1

[Event "OLNW 2324 SK Union Oldenburg - SV Heller"]
[Site "?"]
[Date "2023.12.03"]
[Round "3.7"]
[White "Stock, Joerg"]
[Black "Buerckner, Hartmut"]
[Result "1-0"]
[WhiteElo "2101"]
[BlackElo "2155"]
[PlyCount "53"]
[EventDate "2023.??.??"]

1. e4 c5 2. Nf3 e6 3. d4 cxd4 4. Nxd4 a6 5. Bd3 Qc7 6. O-O Nf6 7. Qe2 d6 8. c4 Nbd7 9. f4 b6 10. Nc3 Bb7 11. Bd2 Be7 12. Rae1 O-O 13. Kh1 Rfd8 14. b3 Rac8 15. Nf3 Nf8 16. Bb1 N6d7 17. Rf2 Bf6 18. e5 dxe5 19. fxe5 Bxf3 20. Rxf3 Bxe5 21. Ne4 Nf6 22. Bg5 N8d7 23. Ref1 Rf8 24. Nxf6+ gxf6 25. Bxh7+ Kxh7 26. Rh3+ Kg7 27. Bh6+ 1-0

[Event "OLNW 2324 SK Union Oldenburg - SV Heller"]
[Site "?"]
[Date "2023.12.03"]
[Round "3.8"]
[White "Heinemann, Ernst"]
[Black "Kovermann, Peter"]
[Result "1-0"]
[WhiteElo "2015"]
[BlackElo "2009"]
[PlyCount "119"]
[EventDate "2023.??.??"]

1. e4 d5 2. exd5 Qxd5 3. Nc3 Qa5 4. Bc4 Bf5 5. d3 Nf6 6. Nge2 e6 7. Bd2 c6 8. Nd5 Qd8 9. Nxf6+ Qxf6 10. Bc3 Qg5 11. Ng3 Nd7 12. h4 Qg4 13. Qxg4 Bxg4 14. f3 Bf5 15. Nxf5 exf5 16. O-O-O f6 17. Rde1+ Kd8 18. f4 Bd6 19. g3 b5 20. Be6 b4 21. Bd4 c5 22. Bf2 g6 23. Bd5 Rb8 24. Re6 Kc7 25. Rhe1 a5 26. d4 cxd4 27. Bxd4 Rhf8 28. Bg2 Rbc8 29. Rd1 Rce8 30. Bb6+ Nxb6 31. Rexd6 Nc8 32. Rd7+ Kb6 33. Rb7+ Ka6 34. Rxh7 Re3 35. Rc7 Rxg3 36. Bb7+ Kb6 37. Rxc8 Rxc8 38. Bxc8 Kc7 39. Be6 Rg4 40. Bf7 Kc6 41. b3 Rxh4 42. Bxg6 Rxf4 43. Rd8 Rf2 44. Rf8 f4 45. Rxf6+ Kc5 46. Kb2 Kd4 47. Bd3 f3 48. Ra6 Rh2 49. Rxa5 Ke3 50. Rf5 Rh4 51. Rf7 f2 52. a3 bxa3+ 53. Kxa3 Rh1 54. Kb2 Rh4 55. Kc3 Rh8 56. b4 Rd8 57. b5 Rd6 58. Kb4 Rd8 59. b6 Rb8 60. Kb5 1-0

[Event "OLNW 2324 SV Hellern - Post SV Uelzen"]
[Site "?"]
[Date "2024.01.14"]
[Round "4.1"]
[White "Laubsch, Bernd"]
[Black "Gronde, Ingo"]
[Result "1-0"]
[WhiteElo "2259"]
[BlackElo "2313"]
[PlyCount "117"]
[EventDate "2024.??.??"]

1. e4 e5 2. Nf3 Nc6 3. Bb5 a6 4. Bxc6 dxc6 5. O-O Bg4 6. h3 h5 7. d3 Qf6 8. Nbd2 Ne7 9. Re1 Ng6 10. d4 Nf4 11. hxg4 hxg4 12. Nh2 Nxg2 13. Ndf1 Nxe1 14. Qxe1 exd4 15. Qe2 Rh4 16. Nxg4 Qg6 17. f3 Bc5 18. Kg2 O-O-O 19. Bf4 Rdh8 20. Rd1 Rh1 21. Bh2 R1xh2+ 22. Nfxh2 Qh5 23. Kh1 f6 24. f4 f5 25. exf5 Qxf5 26. Rf1 Bd6 27. Ne5 g5 28. Qd3 Qxd3 29. Nxd3 gxf4 30. Kg2 Rg8+ 31. Kf2 c5 32. Rg1 Rg3 33. Nf1 Rxg1 34. Kxg1 c4 35. Ne1 Kd7 36. Kf2 Ke6 37. Kf3 Kf5 38. Ng2 b5 39. Nd2 d3 40. c3 Be5 41. Ne4 b4 42. Nh4+ Ke6 43. Ng6 Bg7 44. Nxf4+ Kd7 45. Nd5 a5 46. Ne3 a4 47. a3 bxa3 48. bxa3 Kc6 49. Nxc4 Kb5 50. Ncd2 Bf8 51. Nb1 c5 52. Ke3 c4 53. Kd4 Bg7+ 54. Kd5 Bh6 55. Nd6+ Ka6 56. Nxc4 Bg7 57. Ke4 d2 58. Ncxd2 Kb5 59. Kd5 1-0

[Event "OLNW 2324 SV Hellern - Post SV Uelzen"]
[Site "?"]
[Date "2024.01.14"]
[Round "4.2"]
[White "Boettcher, Christian"]
[Black "Wiegmann, Sascha"]
[Result "1/2-1/2"]
[WhiteElo "2184"]
[BlackElo "2310"]
[PlyCount "38"]
[EventDate "2024.??.??"]

1. e4 c5 2. Nf3 d6 3. c3 Nf6 4. Be2 g6 5. O-O Bg7 6. d3 O-O 7. Nbd2 Nc6 8. d4 cxd4 9. cxd4 Bg4 10. d5 Nb8 11. Qb3 Nbd7 12. h3 Nc5 13. Qe3 Bxf3 14. Bxf3 Rc8 15. Rb1 a6 16. b3 Ncd7 17. a4 Qb6 18. Nc4 Qxe3 19. Bxe3 Rc7 {(=)} 1/2-1/2

[Event "OLNW 2324 SV Hellern - Post SV Uelzen"]
[Site "?"]
[Date "2024.01.14"]
[Round "4.3"]
[White "Knuedel, Torben"]
[Black "Lehmann, Holger"]
[Result "1-0"]
[WhiteElo "2287"]
[BlackElo "2116"]
[PlyCount "33"]
[EventDate "2024.??.??"]

1. e4 c5 2. Nc3 a6 3. Nf3 b5 4. d4 cxd4 5. Nxd4 e6 6. Be2 Bb7 7. e5 Qc7 8. O-O Qxe5 9. Bf3 Qc7 10. Re1 Be7 11. a3 Nc6 12. Bf4 d6 13. Bxd6 Qxd6 14. Nxc6 Rc8 15. Nxe7 Qxe7 16. Bxb7 Qxb7 17. Ne4 1-0

[Event "OLNW 2324 SV Hellern - Post SV Uelzen"]
[Site "?"]
[Date "2024.01.14"]
[Round "4.4"]
[White "Lewin, Tammo"]
[Black "Bargsten, Justus"]
[Result "0-1"]
[WhiteElo "2096"]
[BlackElo "2216"]
[PlyCount "86"]
[EventDate "2024.??.??"]

1. d4 d5 2. c4 e6 3. Nc3 Nf6 4. cxd5 exd5 5. Bg5 c6 6. e3 Bd6 7. Bd3 O-O 8. Qc2 h6 9. Bh4 Re8 10. Nf3 Be6 11. O-O Nbd7 12. a4 Qc7 13. Bg3 Bxg3 14. hxg3 a5 15. Rfb1 Qd6 16. Qb3 Ne4 17. Qa3 Qxa3 18. Rxa3 Nd6 19. Ra2 Bf5 20. Bxf5 Nxf5 21. b4 axb4 22. Rxb4 Nd6 23. Rc2 Ra6 24. Nd2 Rea8 25. Nb3 Rb6 26. Rxb6 Nxb6 27. Nc5 Kf8 28. Rb2 Nbc4 29. Rb1 Ra7 30. Rb4 f5 31. Kf1 Ke7 32. Ke2 b6 33. Nd3 Ne4 34. Nxe4 fxe4 35. Ne5 Nxe5 36. dxe5 Ra6 37. f4 c5 38. Rb5 Rxa4 39. Rxb6 Ra2+ 40. Kf1 d4 41. Rc6 d3 42. Rxc5 Ra1+ 43. Kf2 d2 0-1

[Event "OLNW 2324 SV Hellern - Post SV Uelzen"]
[Site "?"]
[Date "2024.01.14"]
[Round "4.5"]
[White "von Estorff, Jacob"]
[Black "Happe, Reinhold"]
[Result "1-0"]
[WhiteElo "2174"]
[BlackElo "2103"]
[PlyCount "80"]
[EventDate "2024.??.??"]

1. e4 c5 2. Nf3 Nc6 3. d4 cxd4 4. Nxd4 e5 5. Nb5 d6 6. Bc4 a6 7. N5c3 Be7 8. Be3 Nf6 9. Nd5 Nxd5 10. Bxd5 O-O 11. Nc3 Kh8 12. f3 Bg5 13. Qd2 Bxe3 14. Qxe3 Nd4 15. O-O-O Qc7 16. Rd2 Be6 17. Rhd1 Rac8 18. Kb1 b5 19. Bxe6 fxe6 20. Ne2 Nxe2 21. Rxe2 Rfd8 22. Qg5 Rd7 23. h4 Qd8 24. Qg4 Qe7 25. Qg3 Rcd8 26. Rd3 Qf6 27. Ra3 d5 28. Rxa6 dxe4 29. a3 exf3 30. gxf3 Rd5 31. Qg4 Re8 32. Ra7 Rd4 33. Qh5 Rf8 34. Qxe5 Rd1+ 35. Ka2 Qg6 36. h5 Qg1 37. Rf7 Ra8 38. h6 Ra1+ 39. Kb3 Rg8 40. Qxe6 Qg6 1-0

[Event "OLNW 2324 SV Hellern - Post SV Uelzen"]
[Site "?"]
[Date "2024.01.14"]
[Round "4.6"]
[White "Hart, Martin"]
[Black "Askerov, Imamali"]
[Result "1/2-1/2"]
[WhiteElo "2059"]
[BlackElo "1975"]
[PlyCount "152"]
[EventDate "2024.??.??"]

1. e4 c5 2. Nc3 Nc6 3. g3 g6 4. Bg2 Bg7 5. d3 e5 6. Be3 d6 7. Qd2 Be6 8. Nge2 Nd4 9. O-O Ne7 10. Nd5 Bxd5 11. exd5 O-O 12. c3 Ndf5 13. Bg5 f6 14. Be3 Nxe3 15. Qxe3 Nf5 16. Qe4 Bh6 17. Bh3 Ng7 18. Qh4 Bg5 19. Qc4 b5 20. Qb3 Rb8 21. f4 exf4 22. Nxf4 Bxf4 23. Rxf4 f5 24. Re1 Re8 25. Rff1 b4 26. Kh1 Qb6 27. c4 Qd8 28. Qc2 Qf6 29. Qf2 Rxe1 30. Rxe1 Re8 31. Rxe8+ Nxe8 32. Qe2 Kf7 33. g4 fxg4 34. Bxg4 Ng7 35. Kg2 h5 36. Bd7 Qg5+ 37. Kf1 Qf4+ 38. Kg2 Kf6 39. b3 Qg5+ 40. Kf3 Qe5 41. Qd2 Nf5 42. Kg2 Nd4 43. Qf2+ Kg7 44. Kf1 Qf6 45. Qxf6+ Kxf6 46. Kf2 g5 47. h3 Ke5 48. Ke3 Nc2+ 49. Kd2 Nd4 50. Ke3 a5 51. Bc8 Nc2+ 52. Kd2 Na3 53. Kc1 Kd4 54. Bf5 Kc3 55. d4 Kxd4 56. Kd2 g4 57. hxg4 hxg4 58. Bxg4 Nb1+ 59. Kc2 Nc3 60. Kb2 a4 61. Bd7 a3+ 62. Ka1 Ne4 63. Bf5 Nd2 64. Bc2 Kc3 65. Bd1 Ne4 66. Bc2 Ng3 67. Bd1 Nf5 68. Kb1 Kd2 69. Bc2 Nd4 70. Bg6 Kc3 71. Bh5 Nxb3 72. axb3 Kxb3 73. Be2 a2+ 74. Ka1 Ka3 75. Bd1 b3 76. Bxb3 Kxb3 1/2-1/2

[Event "OLNW 2324 SV Hellern - Post SV Uelzen"]
[Site "?"]
[Date "2024.01.14"]
[Round "4.7"]
[White "Mittelstaedt, Hendrik"]
[Black "Stock, Joerg"]
[Result "0-1"]
[WhiteElo "2008"]
[BlackElo "2113"]
[PlyCount "76"]
[EventDate "2024.??.??"]

1. d4 Nf6 2. c4 e6 3. Nc3 Bb4 4. a3 Bxc3+ 5. bxc3 c5 6. e3 O-O 7. Bd3 d6 8. e4 Nc6 9. Ne2 b6 10. O-O h6 11. f4 Ba6 12. e5 Ne8 13. Be4 Rc8 14. Bxc6 Rxc6 15. d5 Rc7 16. dxe6 fxe6 17. Qa4 Qc8 18. Re1 Rcf7 19. Ng3 Bb7 20. Ra2 dxe5 21. Rxe5 Bc6 22. Qd1 Rd7 23. Rd2 Rff7 24. Qe2 Nc7 25. Rxd7 Qxd7 26. Be3 Rf8 27. Nh5 Rd8 28. Kf2 Qd1 29. g4 Qh1 30. Kg3 Rd1 31. Kh4 Qe1+ 32. Bf2 Qxe2 33. Rxe2 Kf7 34. Ng3 g6 35. Kh3 Rd3 36. Re3 Rxe3 37. Bxe3 Ne8 38. Nf1 Be4 0-1

[Event "OLNW 2324 SV Hellern - Post SV Uelzen"]
[Site "?"]
[Date "2024.01.14"]
[Round "4.8"]
[White "Kovermann, Peter"]
[Black "Bogomolow, Sergej"]
[Result "0-1"]
[WhiteElo "1999"]
[BlackElo "2132"]
[PlyCount "38"]
[EventDate "2024.??.??"]

1. d4 e6 2. e4 d5 3. Nd2 Nf6 4. e5 Nfd7 5. Bd3 c5 6. c3 Nc6 7. Ne2 cxd4 8. cxd4 Qb6 9. Nf3 f6 10. exf6 Nxf6 11. O-O Bd6 12. Nc3 O-O 13. Bg5 Bd7 14. Rc1 Rfe8 15. Re1 Bc8 16. Na4 Qa5 17. a3 h6 18. Bh4 Bf4 19. Rc2 Qxa4 0-1

[Event "OLNW 2324 SK Ricklingen - Delmenhorster "]
[Site "?"]
[Date "2024.01.14"]
[Round "4.1"]
[White "Pahl, Theis"]
[Black "Ackermann, Dennie"]
[Result "1/2-1/2"]
[WhiteElo "2086"]
[BlackElo "2077"]
[PlyCount "150"]
[EventDate "2024.??.??"]

1. e4 c5 2. Nf3 d6 3. d4 cxd4 4. Nxd4 Nf6 5. Nc3 g6 6. Be3 Bg7 7. f3 O-O 8. Qd2 Nc6 9. Bc4 Nxd4 10. Bxd4 Qa5 11. O-O-O Be6 12. Bxe6 fxe6 13. h4 Rac8 14. h5 e5 15. Bf2 Nxh5 16. Rxh5 gxh5 17. Kb1 Bf6 18. Qh6 Qc7 19. Qxh5 b5 20. Rc1 a6 21. Nd5 Qd8 22. Rh1 Rf7 23. Be3 Rg7 24. Qf5 Rb8 25. Bh6 Rxg2 26. Qe6+ Kh8 27. Nxf6 exf6 28. Qf7 Qc8 29. c3 Rb7 30. Qxf6+ Kg8 31. Qxd6 Qe8 32. Qd5+ Rf7 33. Rh5 Kh8 34. Rxe5 Re7 35. Bf4 h6 36. a3 Rxe5 37. Bxe5+ Kh7 38. f4 Rg1+ 39. Kc2 Rg2+ 40. Kd3 Rg3+ 41. Kd4 Qe7 42. Qa8 Qd7+ 43. Kc5 Rg8 44. Qd5 Qe7+ 45. Bd6 Rc8+ 46. Kd4 Rc4+ 47. Kd3 Qd7 48. Kc2 Rc6 49. e5 Qf5+ 50. Kb3 Rc4 51. Qb7+ Kg6 52. Qxa6 Qe6 53. Kc2 Qf5+ 54. Kb3 Qe6 55. f5+ Kxf5 56. Kc2 Qd5 57. Qa7 Rg4 58. Qd7+ Kf4 59. e6+ Kf3 60. Bb4 Qe4+ 61. Qd3+ Qxd3+ 62. Kxd3 Re4 63. b3 Rxe6 64. c4 bxc4+ 65. Kxc4 h5 66. Kd5 Re3 67. a4 Rxb3 68. Bd6 Rb6 69. Bc7 Rb4 70. a5 h4 71. Kc5 Ra4 72. Kb6 h3 73. a6 Rb4+ 74. Kc5 Ra4 75. Kb6 Rxa6+ 1/2-1/2

[Event "OLNW 2324 SK Ricklingen - Delmenhorster "]
[Site "?"]
[Date "2024.01.14"]
[Round "4.2"]
[White "Simon, Ralf-Axel"]
[Black "Pahl, Erik"]
[Result "0-1"]
[WhiteElo "2036"]
[BlackElo "2155"]
[PlyCount "98"]
[EventDate "2024.??.??"]

1. Nf3 d5 2. d4 Nf6 3. c4 e6 4. Nc3 dxc4 5. e4 b5 6. e5 Nd5 7. Nxb5 Nb6 8. g3 Nc6 9. Bg2 Bb7 10. O-O Be7 11. Be3 O-O 12. Qe2 Nb4 13. Rfd1 a5 14. a3 N4d5 15. Rac1 Ba6 16. Nc3 Nxc3 17. bxc3 Rb8 18. Qc2 Bb5 19. Qa2 Nd5 20. Bd2 Ba4 21. Re1 Rb3 22. Qc2 Rxa3 23. Qe4 Bb3 24. Qg4 Kh8 25. Ng5 h6 26. Ne4 Ra2 27. Qh5 Bc2 28. Bf4 Bxe4 29. Bxe4 Bg5 30. Bxg5 Qxg5 31. Qf3 c6 32. Ra1 Qd2 33. Bxd5 cxd5 34. Rad1 Qc2 35. Rc1 Qb3 36. h4 Kg8 37. g4 Rc2 38. Rxc2 Qxc2 39. g5 Qg6 40. Qe3 a4 41. f4 a3 42. Ra1 Ra8 43. Qd2 a2 44. Qb2 hxg5 45. fxg5 Qd3 46. Kg2 Qe3 47. Kh2 Qf3 48. Rg1 Qf4+ 49. Kh3 Qe3+ 0-1

[Event "OLNW 2324 SK Ricklingen - Delmenhorster "]
[Site "?"]
[Date "2024.01.14"]
[Round "4.3"]
[White "Mossakowski, Florian"]
[Black "Schmidt, Benjamin"]
[Result "1/2-1/2"]
[WhiteElo "2290"]
[BlackElo "1883"]
[PlyCount "79"]
[EventDate "2024.??.??"]

1. e4 c5 2. Nf3 d6 3. Bb5+ Nd7 4. c4 Ngf6 5. Nc3 g6 6. d4 cxd4 7. Nxd4 Bg7 8. O-O O-O 9. Bxd7 Bxd7 10. b3 a6 11. Bb2 Qa5 12. Re1 b5 13. Nd5 Nxd5 14. cxd5 Rac8 15. Qd3 b4 16. Qd2 Qb6 17. Rac1 a5 18. Nf3 Bxb2 19. Qxb2 f6 20. h3 Qa6 21. Qd2 Rxc1 22. Rxc1 Rc8 23. Rxc8+ Qxc8 24. Ne1 Qc5 25. Kh2 Bb5 26. h4 Kg7 27. Kg3 h6 28. Nc2 g5 29. hxg5 hxg5 30. f3 Qc8 31. Ne3 Bd7 32. Nc4 Qh8 33. Kf2 Qh4+ 34. Kg1 g4 35. fxg4 Qxg4 36. Qe1 Bb5 37. Nxa5 Bd3 38. Qxb4 Qd1+ 39. Kh2 Qh5+ 40. Kg1 1/2-1/2

[Event "OLNW 2324 SK Ricklingen - Delmenhorster "]
[Site "?"]
[Date "2024.01.14"]
[Round "4.4"]
[White "Spiess, Thomas"]
[Black "Hedke, Fred"]
[Result "1/2-1/2"]
[WhiteElo "1994"]
[BlackElo "2237"]
[PlyCount "129"]
[EventDate "2024.??.??"]

1. Nf3 Nf6 2. c4 e6 3. e3 b6 4. b3 Bb7 5. Bb2 Be7 6. d4 O-O 7. Bd3 d5 8. O-O Nbd7 9. Nc3 a6 10. Rc1 Bd6 11. Rc2 Qe7 12. Re1 Ne4 13. Ne2 Rad8 14. Ng3 f5 15. Qe2 a5 16. Ne5 Bxe5 17. dxe5 c5 18. Nh5 Rfe8 19. cxd5 Bxd5 20. Nf4 Bc6 21. Rd1 Nf8 22. f3 Ng5 23. Rcd2 Qc7 24. Bc4 Rxd2 25. Rxd2 Nf7 26. Nh5 Nxe5 27. f4 Nxc4 28. bxc4 Re7 29. Be5 Qc8 30. Rd6 g6 31. Nf6+ Kf7 32. g4 Qb7 33. g5 b5 34. Rd8 bxc4 35. Qd1 Bd5 36. Nxd5 exd5 37. Rxd5 Rd7 38. Bd6 Qc6 39. Rd2 c3 40. Rd3 Ne6 41. Be5 Rxd3 42. Qxd3 c4 43. Qxc3 Qd5 44. Bb8 Nc5 45. Qf6+ Kg8 46. Be5 Qd1+ 47. Kg2 Qe2+ 48. Kg1 Qxe3+ 49. Kg2 Qe2+ 50. Kg1 Qd1+ 51. Kg2 Qc2+ 52. Kh3 Qd3+ 53. Kh4 Qd7 54. Qh8+ Kf7 55. Qxh7+ Ke6 56. Qg8+ Qf7 57. Qc8+ Kd5 58. Qd8+ Nd7 59. Qxa5+ Ke4 60. Qe1+ Kf3 61. Qc3+ Ke4 62. Qd4+ Kf3 63. Qc3+ Ke4 64. Qd4+ Kf3 65. Qc3+ 1/2-1/2

[Event "OLNW 2324 SK Ricklingen - Delmenhorster "]
[Site "?"]
[Date "2024.01.14"]
[Round "4.5"]
[White "Chokhonelidze, Giorgi"]
[Black "Herrmann, Andreas"]
[Result "1/2-1/2"]
[WhiteElo "2284"]
[BlackElo "1989"]
[PlyCount "119"]
[EventDate "2024.??.??"]

1. Nf3 Nf6 2. c4 e6 3. b3 c5 4. Bb2 b6 5. g3 Bb7 6. Bg2 d6 7. O-O Be7 8. d3 O-O 9. Nbd2 Nbd7 10. e4 Qc7 11. Re1 Rfe8 12. Rc1 a6 13. Rc2 Rac8 14. a3 Qb8 15. Qa1 b5 16. e5 dxe5 17. Nxe5 Bxg2 18. Kxg2 Qb7+ 19. Kg1 Nxe5 20. Bxe5 Red8 21. Ne4 Nxe4 22. dxe4 f6 23. Bc3 Rd3 24. Qa2 Rcd8 25. cxb5 axb5 26. b4 c4 27. Qb2 Rd1 28. Rce2 Qd7 29. Kg2 Rd3 30. Re3 Qc6 31. Kg1 R8d7 32. Qe2 Rxe3 33. Qxe3 Rd3 34. Qc1 Qd7 35. Kg2 Bd8 36. Qc2 Bb6 37. Re2 Bd4 38. Bxd4 Qxd4 39. a4 Rc3 40. Qa2 Rc1 41. Qd2 Qxd2 42. Rxd2 bxa4 43. Ra2 Rb1 44. Rxa4 c3 45. Ra8+ Kf7 46. Rc8 Rxb4 47. Rxc3 Rxe4 48. Rc7+ Kg6 49. Re7 h5 50. Kf3 Re1 51. Rd7 Kh6 52. Rf7 Kg6 53. Re7 f5 54. h4 Kf6 55. Ra7 g5 56. hxg5+ Kxg5 57. Rg7+ Kh6 58. Rg8 Re4 59. Rh8+ Kg7 60. Rxh5 1/2-1/2

[Event "OLNW 2324 SK Ricklingen - Delmenhorster "]
[Site "?"]
[Date "2024.01.14"]
[Round "4.6"]
[White "Arntz, Christoph"]
[Black "Juhnke, Karl"]
[Result "1/2-1/2"]
[WhiteElo "1962"]
[BlackElo "2145"]
[PlyCount "73"]
[EventDate "2024.??.??"]

1. f4 d5 2. Nf3 g6 3. e3 Bg7 4. d4 c5 5. c3 Qc7 6. Bd3 Nh6 7. O-O Bf5 8. Bb5+ Bd7 9. Bd3 Bf5 10. Bb5+ Bd7 11. Bd3 O-O 12. Ne5 Bf5 13. Bxf5 gxf5 14. Qf3 e6 15. Nd2 f6 16. Nd3 Nd7 17. Nxc5 Nxc5 18. dxc5 Qxc5 19. Nb3 Qb6 20. h3 Kh8 21. Kh2 a5 22. Nd4 e5 23. Ne2 Qe6 24. b3 Rg8 25. Rd1 Rad8 26. Bb2 Rd7 27. Rd2 Rgd8 28. Rad1 Bf8 29. Qh5 Ng8 30. Kh1 Bc5 31. Qf3 Ne7 32. fxe5 fxe5 33. c4 Kg8 34. cxd5 Rxd5 35. Rxd5 Rxd5 36. Rxd5 Qxd5 37. Qxd5+ 1/2-1/2

[Event "OLNW 2324 SK Ricklingen - Delmenhorster "]
[Site "?"]
[Date "2024.01.14"]
[Round "4.7"]
[White "Margraf, Daniel"]
[Black "Ploog, Martin"]
[Result "1-0"]
[WhiteElo "2223"]
[BlackElo "2006"]
[PlyCount "77"]
[EventDate "2024.??.??"]

1. e4 c5 2. Nc3 Nc6 3. f4 g6 4. Nf3 Bg7 5. Be2 Nh6 6. O-O O-O 7. d3 f5 8. Kh1 d6 9. Qe1 Nd4 10. Bd1 Bd7 11. Qh4 Nxf3 12. Bxf3 Bc6 13. Nd5 Re8 14. Qh3 e6 15. Ne3 Rc8 16. c3 b5 17. c4 bxc4 18. Nxc4 Nf7 19. Bd2 d5 20. exd5 exd5 21. Na5 Bb5 22. Bd1 c4 23. dxc4 dxc4 24. Bc3 Qb6 25. Bxg7 Re3 26. Qxe3 Qxe3 27. Bc3 Qb6 28. Bf3 Bd7 29. Rfe1 Kf8 30. a3 Be6 31. Re2 Nd8 32. Rae1 g5 33. fxg5 Bf7 34. Re5 f4 35. Re7 Rc7 36. R7e4 Kg8 37. Re8+ Bxe8 38. Rxe8+ Kf7 39. Bh5+ 1-0

[Event "OLNW 2324 SK Ricklingen - Delmenhorster "]
[Site "?"]
[Date "2024.01.14"]
[Round "4.8"]
[White "Polnau, Manuel"]
[Black "Thimm, Torsten"]
[Result "0-1"]
[WhiteElo "2025"]
[BlackElo "2017"]
[PlyCount "48"]
[EventDate "2024.??.??"]

1. e4 d5 2. exd5 Qxd5 3. Nc3 Qd6 4. d4 Nf6 5. Bd3 c6 6. Nge2 Bg4 7. f3 Bh5 8. Bf4 Qd8 9. O-O e6 10. Ne4 Nd5 11. Bd2 Bg6 12. c4 Nc7 13. Bc3 Be7 14. N2g3 O-O 15. b4 Nd7 16. f4 Nf6 17. f5 Nxe4 18. Bxe4 exf5 19. Bxf5 b5 20. Qf3 Bf6 21. Qxc6 bxc4 22. Rfc1 Nd5 23. Bxg6 Nxc3 24. Be4 Rc8 0-1

[Event "OLNW 2324 Braunschweig Gliesm. - SK Kirc"]
[Site "?"]
[Date "2024.01.14"]
[Round "4.1"]
[White "Palac, Mladen"]
[Black "Riemay, David"]
[Result "1-0"]
[WhiteElo "2467"]
[BlackElo "2213"]
[PlyCount "79"]
[EventDate "2024.??.??"]

1. d4 Nf6 2. c4 e6 3. Nc3 d5 4. cxd5 exd5 5. Bg5 c6 6. e3 Be6 7. Bd3 Nbd7 8. h3 Bd6 9. Nge2 h6 10. Bh4 g5 11. Bg3 Nb6 12. Qc2 Nc4 13. Bxd6 Nxd6 14. f3 Qa5 15. Nc1 Nc4 16. Nb3 Qc7 17. Qf2 O-O-O 18. O-O-O Kb8 19. Kb1 Rhe8 20. Rhe1 Ka8 21. Nc5 Bc8 22. g4 Nd7 23. Nb3 Nf8 24. Rc1 Qe7 25. e4 Qb4 26. exd5 Rxe1 27. Qxe1 cxd5 28. Nxd5 Qxe1 29. Rxe1 Nb6 30. Nxb6+ axb6 31. Re7 Ne6 32. Rxf7 Nf4 33. Be4 Nxh3 34. Rf6 Nf2 35. Bc2 Re8 36. d5 Ka7 37. Rxh6 Bd7 38. Kc1 Bb5 39. Nd4 Bc4 40. d6 1-0

[Event "OLNW 2324 Braunschweig Gliesm. - SK Kirc"]
[Site "?"]
[Date "2024.01.14"]
[Round "4.2"]
[White "Reller, Ole"]
[Black "Kuegel, Tobias"]
[Result "0-1"]
[WhiteElo "2064"]
[BlackElo "2421"]
[PlyCount "66"]
[EventDate "2024.??.??"]

1. Nf3 d5 2. e3 Nf6 3. c4 e6 4. Nc3 c5 5. cxd5 exd5 6. Bb5+ Nc6 7. O-O Bd6 8. b3 Bg4 9. Bb2 O-O 10. Be2 d4 11. Na4 d3 12. Bxd3 Bxh2+ 13. Kxh2 Qxd3 14. Qc1 Ne4 15. Qc4 Qd6+ 16. Kg1 Bxf3 17. gxf3 Qg6+ 18. Kh2 Qh5+ 19. Kg2 Qg5+ 20. Kh3 Qh5+ 21. Kg2 Nxd2 22. Qf4 Qg6+ 23. Kh2 Qh5+ 24. Kg2 Nxf1 25. Rxf1 Qg6+ 26. Kh2 Qh5+ 27. Kg2 Qg6+ 28. Kh2 Rad8 29. Rg1 Qh5+ 30. Kg2 Rd5 31. Bxg7 Qg6+ 32. Kf1 Rd1+ 33. Ke2 Qd3# 0-1